|
|
|
|
| LEADER |
00000nam0a2200000 4500 |
| 001 |
145203 |
| 005 |
20231101221137.0 |
| 035 |
|
|
|a (RuTPU)RU\TPU\book\157399
|
| 090 |
|
|
|a 145203
|
| 100 |
|
|
|a 20081014d1974 k y0rusy50 ca
|
| 101 |
0 |
|
|a rus
|
| 102 |
|
|
|a RU
|
| 105 |
|
|
|a a z 001zy
|
| 200 |
1 |
|
|a Практическое применение механики разрушения для оценки прочности конструкций
|f Г. С. Васильченко, П. Ф. Кошелев
|g Академия наук СССР (АН СССР), Государственный НИИ машиноведения им. А. А. Благонравова (ИМАШ)
|
| 210 |
|
|
|a Москва
|c Наука
|d 1974
|
| 215 |
|
|
|a 148 с.
|c ил.
|
| 320 |
|
|
|a Библиогр.: с. 142-146.
|
| 610 |
1 |
|
|a металлы
|
| 610 |
1 |
|
|a разрушение
|
| 610 |
1 |
|
|a металлические конструкции
|
| 610 |
1 |
|
|a прочность
|
| 610 |
1 |
|
|a механика разрушения
|
| 610 |
1 |
|
|a применение
|
| 675 |
|
|
|a 621.7М01:539.4
|v 3
|
| 700 |
|
1 |
|a Васильченко
|b Г. С.
|g Геннадий Самойлович
|
| 701 |
|
1 |
|a Кошелев
|b П. Ф.
|g Павел Филиппович
|
| 712 |
0 |
2 |
|a Академия наук СССР
|b Государственный научно-исследовательский институт машиноведения им. А. А. Благонравова
|c (Москва)
|c (1962-1979)
|2 stltpush
|3 (RuTPU)RU\TPU\col\27800
|9 28893
|
| 801 |
|
1 |
|a RU
|b 63413507
|c 20081014
|g PSBO
|
| 801 |
|
2 |
|a RU
|b 63413507
|c 20220221
|g PSBO
|
| 942 |
|
|
|c BK
|